A veinte años de la Reforma Constitucional Nacional (Registro nro. 25272)
[ vista simple ]
| 000 -LEADER | |
|---|---|
| fixed length control field | 00383 a2200109 4500 |
| 001 - CONTROL NUMBER | |
| control field | ART_28304 |
| 005 - DATE AND TIME OF LATEST TRANSACTION | |
| control field | 20260410161854.0 |
| 008 - FIXED-LENGTH DATA ELEMENTS--GENERAL INFORMATION | |
| fixed length control field | 260409a |
| 100 1# - MAIN ENTRY--PERSONAL NAME | |
| Personal name | Rosatti, Horacio |
| 245 10 - TITLE STATEMENT | |
| Title | A veinte años de la Reforma Constitucional Nacional |
| 773 0# - HOST ITEM ENTRY | |
| Title | Derecho público |
| Related parts | A 20 años de la Reforma Constitucional de 1994 - Año III, Nº 9 (ene. 2015) |
| Record control number | REV10451 |
No hay ítems disponibles.